Welcome to CU Library Online Public Access Catalogue (OPAC)

An Old Testament theology of the spirit of God / (Record no. 6774)

MARC details
000 -LEADER
fixed length control field 00778pam a2200205 a 4500
001 - CONTROL NUMBER
control field 4923349
005 - DATE AND TIME OF LATEST TRANSACTION
control field 20250628160357.0
008 - FIXED-LENGTH DATA ELEMENTS--GENERAL INFORMATION
fixed length control field 950201s1995 mau b 001 0 eng
020 ## - INTERNATIONAL STANDARD BOOK NUMBER
International Standard Book Number 1565630513 (pbk.) :
Terms of availability $11.95
050 00 - LIBRARY OF CONGRESS CALL NUMBER
Classification number BS1199.S69
Item number H55 1995
082 00 - DEWEY DECIMAL CLASSIFICATION NUMBER
Classification number 231/.3
Edition information 20
100 1# - MAIN ENTRY--PERSONAL NAME
Personal name Hildebrandt, Wilf.
245 13 - TITLE STATEMENT
Title An Old Testament theology of the spirit of God /
Statement of responsibility, etc. Wilf Hildebrandt.
260 ## - PUBLICATION, DISTRIBUTION, ETC.
Place of publication, distribution, etc. Peabody, Mass. :
Name of publisher, distributor, etc. Hendrickson Publishers,
Date of publication, distribution, etc. c1995.
300 ## - PHYSICAL DESCRIPTION
Extent xviii, 238 p. ;
Dimensions 22 cm.
650 #0 - SUBJECT ADDED ENTRY--TOPICAL TERM
Topical term or geographic name entry element Holy Spirit
General subdivision Biblical teaching.
856 42 - ELECTRONIC LOCATION AND ACCESS
Materials specified Publisher description
Uniform Resource Identifier <a href="http://www.loc.gov/catdir/description/hend021/95002442.html">http://www.loc.gov/catdir/description/hend021/95002442.html</a>
856 42 - ELECTRONIC LOCATION AND ACCESS
Materials specified Contributor biographical information
Uniform Resource Identifier <a href="http://www.loc.gov/catdir/enhancements/fy0706/95002442-b.html">http://www.loc.gov/catdir/enhancements/fy0706/95002442-b.html</a>
942 ## - ADDED ENTRY ELEMENTS (KOHA)
Source of classification or shelving scheme Library of Congress Classification
Koha item type Books
Suppress in OPAC No
999 ## -
-- 6774
-- 6774
Holdings
Withdrawn status Lost status Source of classification or shelving scheme Damaged status Not for loan Collection Home library Current library Shelving location Date acquired Total checkouts Full call number Barcode Date last seen Copy number Price effective from Koha item type
    Library of Congress Classification     Non-fiction Undergraduate Library (Christ Temple) Undergraduate Library (Christ Temple) General stacks 06/28/2025   BS1199.5S59 HIL ulct00003630 06/28/2025 1 06/07/2025 Books
© 2023-2024 Copyright: Central University Libraries. All Rights Reserved | Created by: Mahone Tech Office